Southville International School and Colleges
Your cart is empty.
  • Cart
  • Lists
    Public lists Eva Luna New books Lux_list list_1
    Your lists Log in to create your own lists
  • Log in to your account
  • Your cookies
  • Search history
Southville International School and Colleges
  • Advanced search
  • Recent comments
  • Most popular
  • Libraries

Log in to your account

Log in with GOOGLE


If you do not have an external account, but do have a local account, you can still log in:

  1. Home
  2. MARC view: The haiku handbook :
Normal view MARC view ISBD view

The haiku handbook : (Record no. 22426)

[ view plain ]
MARC details
000 -LEADER
fixed length control field 00813nam a2200217 a 4500
005 - DATE AND TIME OF LATEST TRANSACTION
control field 20140310183407.0
008 - FIXED-LENGTH DATA ELEMENTS--GENERAL INFORMATION
fixed length control field 121018s19uu xx 00 eng d
020 ## - INTERNATIONAL STANDARD BOOK NUMBER
International Standard Book Number 9784770031136
050 ## - LIBRARY OF CONGRESS CALL NUMBER
Classification number PL 729
Item number .H48 2010
100 ## - MAIN ENTRY--PERSONAL NAME
Personal name Higginson, William J.
245 ## - TITLE STATEMENT
Title The haiku handbook :
Remainder of title how to write, teach, and appreciate haiku /
Statement of responsibility, etc William J. Higginson and Penny Harter ; foreword by Jane Reichhold.
250 ## - EDITION STATEMENT
Edition statement 25th anniversary ed.
260 ## - PUBLICATION, DISTRIBUTION, ETC. (IMPRINT)
Place of publication, distribution, etc Tokyo ; London :
Name of publisher, distributor, etc Kodansha International,
Date of publication, distribution, etc 2010.
300 ## - PHYSICAL DESCRIPTION
Extent xix, 331 p. :
Other physical details ill. ;
Dimensions 21 cm.
500 ## - GENERAL NOTE
General note Originally published New York : McGraw-Hill, c1985. Includes bibliographical references and index.
650 ## - SUBJECT ADDED ENTRY--TOPICAL TERM
Topical term or geographic name as entry element Haiku
General subdivision History and criticism
650 ## - SUBJECT ADDED ENTRY--TOPICAL TERM
Topical term or geographic name as entry element Haiku
General subdivision Technique
700 ## - ADDED ENTRY--PERSONAL NAME
Personal name Harter, Penny
942 ## - ADDED ENTRY ELEMENTS (KOHA)
Koha item type Books
Source of classification or shelving scheme Library of Congress Classification
Call number prefix Foreign
Holdings
Withdrawn status Lost status Source of classification or shelving scheme Damaged status Home library Current library Shelving location Date acquired Source of acquisition Total Checkouts Full call number Barcode Date last seen Copy number Price effective from Koha item type
    Library of Congress Classification   College Library College Library General Circulation Section 01/08/2014 Donation   PL 729 .H48 2010 C16402 05/15/2018 1 01/08/2014 Books

The haiku handbook :

APA

Higginson W. J., Harter P., . (2010). The haiku handbook. Tokyo ; London: Kodansha International.

Chicago

Higginson William J, Harter Penny, . 2010. The haiku handbook. Tokyo ; London: Kodansha International.

Harvard

Higginson W. J., Harter P., . (2010). The haiku handbook. Tokyo ; London: Kodansha International.

MLA

Higginson William J, Harter Penny, . The haiku handbook. Tokyo ; London: Kodansha International. 2010.

  • Place hold
  • Print
  • Cite
  • Add to your cart (remove)
  • Save record
    BIBTEX Dublin Core MARCXML MARC (non-Unicode/MARC-8) MARC (Unicode/UTF-8) MARC (Unicode/UTF-8, Standard) MODS (XML) RIS
  • More searches
    Search for this title in:
    Other Libraries (WorldCat) Other Databases (Google Scholar) Online Stores (Bookfinder.com) Open Library (openlibrary.org)

Exporting to Dublin Core...

SOUTHVILLE LIBRARY

Southville International School and Colleges Library

1281 Tropical Ave. Cor. Luxembourg St., BF Homes International, Las Pinas City

Tel. No. 8256374 / 252358 Loc. 117/146

Powered by Koha